[Event "Canovelles op 11th"]
[Site "Canovelles"]
[Date "2008.03.28"]
[Round "3.13"]
[White "Castillo Barranco, Diego"]
[Black "Vinas Serra, Antoni"]
[Result "1-0"]
[WhiteElo "1861"]
[BlackElo "1745"]
[PlyCount "57"]
[EventDate "2008.03.07"]
[EventType "swiss"]
[EventRounds "9"]
[EventCountry "ESP"]
[SourceTitle "EXT 2024"]
[Source "ChessBase"]
[SourceDate "2023.10.10"]
[SourceVersion "1"]
[SourceVersionDate "2023.10.10"]
[SourceQuality "1"]

1. e4 d6 2. Bc4 e5 3. Nf3 g6 4. d4 f6 5. dxe5 dxe5 6. Qxd8+ Kxd8 7. 0-0 Bc5 8. Nc3 c6 9. Rd1+ Ke7 10. a3 Nd7 11. b4 Bb6 12. a4 a5 13. b5 Bc5 14. Bb3 Nb6 15. Rd3 Be6 16. Bxe6 Kxe6 17. bxc6 bxc6 18. Nd2 Ne7 19. Nb3 Bb4 20. Na2 Nxa4 21. Nxb4 axb4 22. Rxa4 Rxa4 23. Nc5+ Kf7 24. Nxa4 Ra8 25. Nc5 Ra1 26. Rd1 f5 27. f3 Ra2 28. Rd2 Ra1 29. Nb3 1-0